[Event "Titled Tue 17th Jun Early"]
[Site "chess.com INT"]
[Date "2025.06.17"]
[Round "3"]
[White "Bortnyk, Olexandr"]
[Black "Masague Artero, Guerau"]
[Result "1-0"]
[WhiteTitle "GM"]
[BlackTitle "FM"]
[WhiteElo "2601"]
[BlackElo "2326"]
[WhiteFideId "14120828"]
[BlackFideId "32098952"]
[EventDate "2025.06.17"]

1. d4 Nf6 2. Nc3 d5 3. Bf4 g6 4. e3 Bg7 5. h4 h5 6. Nf3 Bg4 7. Qd2 Bxf3 8. gxf3
e6 9. Nb5 Na6 10. Qa5 c6 11. Nd6+ Kf8 12. Qxd8+ Rxd8 13. Nxb7 Rd7 14. Bxa6 1-0

[Event "Titled Tue 17th Jun Early"]
[Site "chess.com INT"]
[Date "2025.06.17"]
[Round "3"]
[White "Subervi, Jonathan Sigfredo"]
[Black "Rizzo, Tobias"]
[Result "0-1"]
[WhiteTitle "FM"]
[WhiteElo "2059"]
[BlackElo "1955"]
[WhiteFideId "6400345"]
[BlackFideId "30942691"]
[EventDate "2025.06.17"]

1. e4 c5 2. d4 cxd4 3. Qxd4 Nc6 4. Qd3 Nf6 5. Nc3 e6 6. Bf4 d5 7. O-O-O d4 8. e5
dxc3 9. Qxc3 Nd5 10. Qg3 Qa5 11. Bc4 Nxf4 12. Qxf4 Qxe5 13. Qh4 Be7 14. Qh3 Qf4+ 0-1

[Event "Titled Tue 17th Jun Early"]
[Site "chess.com INT"]
[Date "2025.06.17"]
[Round "3"]
[White "Maranhao, Jose Renato Ruiz"]
[Black "Chiang, Jacob"]
[Result "0-1"]
[WhiteElo "1954"]
[BlackElo "2006"]
[WhiteFideId "2135175"]
[BlackFideId "30962331"]
[EventDate "2025.06.17"]

1. e4 c5 2. Nf3 d6 3. d4 cxd4 4. Nxd4 Nf6 5. Nc3 Nc6 6. Nxc6 bxc6 7. Bd3 e5 8.
O-O Be7 9. h3 O-O 10. Kh1 Be6 11. f4 exf4 12. Bxf4 d5 13. e5 Nd7 14. Qh5 g6 15.
Qh6 Re8 16. Bh2 Bg5 0-1

[Event "Titled Tue 17th Jun Early"]
[Site "chess.com INT"]
[Date "2025.06.17"]
[Round "3"]
[White "Drygalov, Andrey"]
[Black "Jakubowski, Krzysztof"]
[Result "1-0"]
[WhiteTitle "GM"]
[BlackTitle "GM"]
[WhiteElo "2431"]
[BlackElo "2448"]
[WhiteFideId "24171735"]
[BlackFideId "1112848"]
[EventDate "2025.06.17"]

1. e4 c6 2. Nf3 d5 3. d3 Bg4 4. h3 Bh5 5. Nc3 d4 6. Ne2 Bxf3 7. gxf3 c5 8. f4
Nc6 9. Ng3 e6 10. Bg2 Qd7 11. O-O Bd6 12. a3 Nge7 13. e5 Bc7 14. Ne4 b6 15. b4
cxb4 16. axb4 Nd5 17. Qg4 g6 18. Ba3 Nce7 19. b5 Nf5 20. Nf6+ Nxf6 21. exf6 Rc8
22. Bc6 1-0

[Event "Titled Tue 17th Jun Early"]
[Site "chess.com INT"]
[Date "2025.06.17"]
[Round "3"]
[White "Tang, Dylan"]
[Black "Celik, Ali Alper"]
[Result "1-0"]
[WhiteTitle "FM"]
[BlackTitle "FM"]
[WhiteElo "2236"]
[BlackElo "2213"]
[WhiteFideId "30972531"]
[BlackFideId "44569955"]
[EventDate "2025.06.17"]

1. e4 c5 2. Nf3 e6 3. d4 cxd4 4. Nxd4 Nc6 5. Nc3 Qc7 6. Be3 a6 7. Qf3 Ne5 8. Qg3
b5 9. O-O-O Nf6 10. f4 Nc4 11. Bxc4 Qxc4 12. e5 Nd5 13. Nxd5 Qxd5 14. Nf5 Qxa2
15. Nxg7+ Bxg7 16. Qxg7 Rf8 17. Bc5 d6 18. Bxd6 1-0

[Event "Titled Tue 17th Jun Early"]
[Site "chess.com INT"]
[Date "2025.06.17"]
[Round "3"]
[White "Sturt, Raven"]
[Black "Reprintsev, Alexander"]
[Result "1-0"]
[WhiteTitle "GM"]
[BlackTitle "IM"]
[WhiteElo "2459"]
[BlackElo "2256"]
[WhiteFideId "2007304"]
[BlackFideId "14100541"]
[EventDate "2025.06.17"]

1. f4 e5 2. fxe5 d6 3. exd6 Bxd6 4. Nf3 Nf6 5. g3 h5 6. d3 h4 7. gxh4 Bg4 8. Bg5
Nbd7 9. Nc3 Qe7 10. Qd2 Bxf3 11. Rg1 Bc6 12. e4 O-O-O 13. O-O-O Bxh2 14. Qxh2
Qd6 15. Bf4 Qc5 16. d4 Qb6 17. d5 1-0

[Event "Titled Tue 17th Jun Early"]
[Site "chess.com INT"]
[Date "2025.06.17"]
[Round "3"]
[White "Wahedi, Ahmad Siar"]
[Black "Yao, Hanchi"]
[Result "1-0"]
[WhiteTitle "FM"]
[WhiteElo "2239"]
[BlackElo "2129"]
[WhiteFideId "4651260"]
[BlackFideId "30957397"]
[EventDate "2025.06.17"]

1. e4 c5 2. Nf3 d6 3. Nc3 Nf6 4. d4 cxd4 5. Nxd4 Nc6 6. a4 e5 7. Nb3 Be7 8. Bc4
O-O 9. O-O Be6 10. Bxe6 fxe6 11. Re1 Qe8 12. Qf3 Nd4 13. Nxd4 exd4 14. Nb5 Rc8
15. Nxd4 e5 16. Nf5 Rxc2 17. Qb3+ 1-0

[Event "Titled Tue 17th Jun Early"]
[Site "chess.com INT"]
[Date "2025.06.17"]
[Round "3"]
[White "Nayak, Rajesh"]
[Black "Junior, Liduino F Vasconcelos"]
[Result "1-0"]
[WhiteTitle "FM"]
[WhiteElo "2262"]
[BlackElo "2047"]
[WhiteFideId "35017152"]
[BlackFideId "2109913"]
[EventDate "2025.06.17"]

1. e4 e6 2. d4 d5 3. Nc3 Nf6 4. e5 Nfd7 5. f4 c5 6. Nf3 Nc6 7. Be3 a6 8. Qd2 Be7
9. O-O-O c4 10. g4 b5 11. f5 b4 12. Ne2 Qa5 13. Kb1 Rb8 14. fxe6 fxe6 15. Nf4 c3
16. Qg2 cxb2 17. Nxe6 Nb6 18. Nxg7+ Kd8 19. Ng5 Na4 20. Rd3 Rg8 21. N7e6+ Bxe6
22. Nxe6+ Kd7 23. Nc5+ Bxc5 24. Qxd5+ Kc7 25. Bg2 Bxd4 26. Qxc6+ Kd8 27. Rxd4+
Ke7 28. Qf6+ Ke8 29. Bc6# 1-0

[Event "Titled Tue 17th Jun Early"]
[Site "chess.com INT"]
[Date "2025.06.17"]
[Round "3"]
[White "Della Corte, Alessandro"]
[Black "Kislinsky, Alexey"]
[Result "0-1"]
[WhiteTitle "CM"]
[BlackTitle "GM"]
[WhiteElo "2207"]
[BlackElo "2341"]
[WhiteFideId "813540"]
[BlackFideId "14108801"]
[EventDate "2025.06.17"]

1. d4 d5 2. Nf3 Nf6 3. e3 e6 4. Be2 Be7 5. O-O O-O 6. b3 b6 7. Bb2 Bb7 8. c4
Nbd7 9. Nc3 c5 10. Rc1 Rc8 11. cxd5 Nxd5 12. Nxd5 Bxd5 13. Ba6 Rc7 14. dxc5 Nxc5
15. Be5 Nxa6 16. Bxc7 Nxc7 17. Qd4 Bf6 18. Qf4 Na6 19. Rfd1 Qa8 20. h4 h6 21.
Ne1 Nc5 22. f3 a5 23. e4 Bb7 24. Nd3 Bd4+ 25. Kh1 Nxd3 26. Rxd3 e5 27. Qf5 Bc8
28. Qh5 Ba6 29. Rdd1 Rc8 30. Kh2 Rc5 31. Rxc5 bxc5 32. f4 exf4 33. Qd5 Bb7 0-1

[Event "Titled Tue 17th Jun Early"]
[Site "chess.com INT"]
[Date "2025.06.17"]
[Round "3"]
[White "Tristan, Leonardo"]
[Black "Radchenko, Alexey"]
[Result "1-0"]
[WhiteTitle "GM"]
[BlackTitle "FM"]
[WhiteElo "2536"]
[BlackElo "2290"]
[WhiteFideId "113816"]
[BlackFideId "4192362"]
[EventDate "2025.06.17"]

1. d4 d5 2. Nf3 c6 3. Bf4 Nf6 4. e3 e6 5. Nbd2 Bd6 6. Ne5 Qc7 7. Bd3 Nbd7 8.
Ndf3 Nh5 9. Nxf7 Nxf4 10. Nxd6+ Qxd6 11. exf4 Qxf4 12. O-O O-O 13. Re1 Nf6 14.
Ne5 Kh8 15. c3 Bd7 16. Re3 Rae8 17. Rh3 Kg8 18. Nxd7 Nxd7 19. Bxh7+ Kh8 20. Kh1
g5 21. Bg6+ Kg7 22. Bxe8 Rxe8 23. Qh5 Nf6 24. Qh6+ Kg8 25. Qg6+ Kf8 26. Rf3 Qxf3
27. gxf3 Ke7 1-0

[Event "Titled Tue 17th Jun Early"]
[Site "chess.com INT"]
[Date "2025.06.17"]
[Round "3"]
[White "Chaulagain, Purusottam"]
[Black "Lacasa Diaz, Josep Anton"]
[Result "1-0"]
[WhiteTitle "CM"]
[BlackTitle "IM"]
[WhiteElo "1952"]
[BlackElo "2315"]
[WhiteFideId "12300730"]
[BlackFideId "2203375"]
[EventDate "2025.06.17"]

1. d4 d5 2. Nc3 c5 3. e4 dxe4 4. d5 Nf6 5. Nge2 e6 6. Nf4 exd5 7. Nfxd5 Nxd5 8.
Qxd5 Qxd5 9. Nxd5 Bd6 10. Be3 O-O 11. O-O-O Be5 12. Bxc5 Re8 13. Bb5 Bd7 14.
Bxd7 Nxd7 15. Ne7+ Kh8 16. Rxd7 g6 17. Rhd1 f5 18. Bd4 Bxd4 19. R1xd4 b6 20. Nc6
f4 21. Re7 Rxe7 22. Nxe7 Re8 23. Nd5 e3 24. fxe3 fxe3 25. Rd1 Rf8 26. Nxe3 1-0

[Event "Titled Tue 17th Jun Early"]
[Site "chess.com INT"]
[Date "2025.06.17"]
[Round "3"]
[White "Laddha, Shubh Jayesh"]
[Black "Cramling Bellon, Anna"]
[Result "1-0"]
[WhiteTitle "FM"]
[BlackTitle "WFM"]
[WhiteElo "2303"]
[BlackElo "2046"]
[WhiteFideId "30942799"]
[BlackFideId "32009232"]
[EventDate "2025.06.17"]

1. d4 d5 2. Nc3 Nf6 3. Bf4 a6 4. e3 Bf5 5. Nf3 e6 6. Ne5 Bd6 7. h4 O-O 8. Be2
Nbd7 9. g4 Nxe5 10. dxe5 Bb4 11. exf6 Qxf6 12. gxf5 Bxc3+ 13. bxc3 Qxc3+ 14. Kf1
exf5 15. Rg1 Rad8 16. Qd4 Qxd4 17. exd4 1-0

[Event "Titled Tue 17th Jun Early"]
[Site "chess.com INT"]
[Date "2025.06.17"]
[Round "3"]
[White "Dobre, Claudiu-Cristian"]
[Black "Kozak, Magdalena"]
[Result "1-0"]
[WhiteTitle "IM"]
[BlackTitle "WIM"]
[WhiteElo "2287"]
[BlackElo "2176"]
[WhiteFideId "1211854"]
[BlackFideId "1124757"]
[EventDate "2025.06.17"]

1. d4 Nf6 2. Nf3 e6 3. Bg5 Be7 4. Nbd2 d5 5. e3 O-O 6. Bd3 b6 7. Ne5 c5 8. c3 h6
9. Bxf6 Bxf6 10. f4 Nd7 11. O-O Qc7 12. Qh5 Nxe5 13. fxe5 Bg5 14. Rf3 g6 15. Qg4
Qe7 16. Raf1 Kg7 17. h4 Bxh4 18. Bxg6 fxg6 19. Rxf8 h5 20. R1f7+ Kh6 21. Rh8# 1-0

[Event "Titled Tue 17th Jun Early"]
[Site "chess.com INT"]
[Date "2025.06.17"]
[Round "3"]
[White "Klukin, Kirill"]
[Black "Sindarov, Islombek"]
[Result "1-0"]
[WhiteTitle "IM"]
[BlackTitle "CM"]
[WhiteElo "2401"]
[BlackElo "2129"]
[WhiteFideId "24199273"]
[BlackFideId "14205475"]
[EventDate "2025.06.17"]

1. c4 e5 2. Nc3 g6 3. g3 Bg7 4. Bg2 Nc6 5. a3 Nge7 6. b4 O-O 7. Bb2 d6 8. e3 f5
9. Nge2 Be6 10. Nd5 e4 11. Bxg7 Kxg7 12. Nef4 Bxd5 13. cxd5 Qd7 14. dxc6 Nxc6
15. d4 g5 16. Nh5+ Kh6 17. h4 g4 18. Nf4 Ne7 19. Rc1 a5 20. O-O axb4 21. axb4
Ra3 22. d5 Ng6 23. Nxg6 hxg6 24. Qd4 Rd3 25. Qc4 Rf7 26. Rfd1 Ra3 27. Bf1 g5 28.
hxg5+ Kxg5 29. Qd4 Ra8 30. Rc2 Rh7 31. Rdc1 Rah8 32. Bg2 c5 33. dxc6 Qe8 34. c7
Qh5 35. Kf1 1-0

[Event "Titled Tue 17th Jun Early"]
[Site "chess.com INT"]
[Date "2025.06.17"]
[Round "3"]
[White "Karas, Marek"]
[Black "Terron Elena, Francisco M."]
[Result "1-0"]
[WhiteTitle "FM"]
[BlackTitle "FM"]
[WhiteElo "2215"]
[BlackElo "2148"]
[WhiteFideId "14928558"]
[BlackFideId "2210576"]
[EventDate "2025.06.17"]

1. d4 d5 2. Nf3 Nf6 3. c4 dxc4 4. e3 e6 5. Bxc4 a6 6. O-O b5 7. Bb3 Bb7 8. Qe2
Nbd7 9. Rd1 c5 10. Nc3 Qc7 11. e4 b4 12. e5 bxc3 13. exf6 Nxf6 14. bxc3 Be7 15.
Ba4+ Bc6 16. Bf4 Qb7 17. Rab1 Qc8 18. Bxc6+ Qxc6 19. Ne5 Qe4 20. Be3 O-O 21. Nf3
Nd5 22. Qd2 cxd4 23. Bxd4 Rab8 24. Rxb8 Rxb8 25. h3 h6 26. Re1 Qf4 27. Qxf4 Nxf4
28. Be5 1-0

[Event "Titled Tue 17th Jun Early"]
[Site "chess.com INT"]
[Date "2025.06.17"]
[Round "3"]
[White "Frempong-Smart Daniel"]
[Black "Malikova, Marjona"]
[Result "0-1"]
[WhiteTitle "CM"]
[BlackTitle "WIM"]
[WhiteElo "1841"]
[BlackElo "2055"]
[WhiteFideId "12601659"]
[BlackFideId "14212463"]
[EventDate "2025.06.17"]

1. d4 Nf6 2. c4 g6 3. Nc3 d5 4. cxd5 Nxd5 5. Bd2 Bg7 6. e4 Nxc3 7. Bxc3 c5 8.
dxc5 Bxc3+ 9. bxc3 Qc7 10. Bb5+ Bd7 11. Bxd7+ Nxd7 12. Ne2 O-O 13. O-O Nxc5 14.
Qc2 Rfd8 15. Rfd1 e5 16. Rd5 Rxd5 17. exd5 b5 18. c4 Nb7 19. Rc1 Rc8 20. Nc3
Qxc4 21. Qb3 Nd6 22. Qxc4 Rxc4 23. Ne2 Rxc1+ 24. Nxc1 Kf8 25. Kf1 Ke7 26. Ke2
Nc4 27. Kd3 Kd6 28. a4 Nb2+ 0-1

[Event "Titled Tue 17th Jun Early"]
[Site "chess.com INT"]
[Date "2025.06.17"]
[Round "3"]
[White "Gong, Qianyun"]
[Black "Nugumanov, Bakhtiyar"]
[Result "1-0"]
[WhiteTitle "WGM"]
[BlackTitle "IM"]
[WhiteElo "2228"]
[BlackElo "2305"]
[WhiteFideId "8602425"]
[BlackFideId "13701797"]
[EventDate "2025.06.17"]

1. d4 d5 2. c4 e6 3. Nf3 Nf6 4. g3 dxc4 5. Bg2 Nc6 6. O-O Rb8 7. a4 a6 8. Nc3 b5
9. axb5 axb5 10. Bg5 Be7 11. e4 b4 12. e5 bxc3 13. exf6 gxf6 14. Bh6 cxb2 15.
Rb1 e5 16. Qc2 Nxd4 17. Nxd4 exd4 18. Qxc4 c5 19. Rfe1 Rb6 20. Qxc5 Re6 21. Bc6+
Bd7 22. Rxe6 fxe6 23. Qh5# 1-0

[Event "Titled Tue 17th Jun Early"]
[Site "chess.com INT"]
[Date "2025.06.17"]
[Round "3"]
[White "Zepeda Berlanga, Jan Enrique"]
[Black "Sanhueza, Cristian"]
[Result "0-1"]
[WhiteTitle "CM"]
[BlackTitle "FM"]
[WhiteElo "1984"]
[BlackElo "2213"]
[WhiteFideId "5132355"]
[BlackFideId "116815"]
[EventDate "2025.06.17"]

1. e4 e5 2. Nf3 d5 3. exd5 e4 4. Qe2 Nf6 5. d3 Bb4+ 6. Bd2 O-O 7. dxe4 Re8 8. e5
Nxd5 9. Bxb4 Nxb4 10. Nc3 Bf5 11. Rc1 N8c6 12. a3 Nxe5 13. Nxe5 Qd4 14. Qd2
Qxe5+ 15. Be2 Rad8 16. Qg5 Nxc2+ 17. Rxc2 Bxc2 18. O-O Qxg5 0-1

[Event "Titled Tue 17th Jun Early"]
[Site "chess.com INT"]
[Date "2025.06.17"]
[Round "3"]
[White "Krawczyk, Flawian"]
[Black "Devaev, Alexander"]
[Result "1-0"]
[WhiteTitle "CM"]
[BlackTitle "FM"]
[WhiteElo "2247"]
[BlackElo "2306"]
[WhiteFideId "21881413"]
[BlackFideId "4169395"]
[EventDate "2025.06.17"]

1. e4 c6 2. d4 d5 3. Nc3 dxe4 4. Nxe4 Bf5 5. Ng3 Bg6 6. c3 Nd7 7. N1e2 e6 8. Nf4
Bd6 9. h4 Qc7 10. Qf3 Ngf6 11. h5 Bc2 12. Bc4 c5 13. Bxe6 O-O-O 14. Bxf7 Rhe8+
15. Bxe8 Rxe8+ 16. Kf1 cxd4 17. cxd4 Qc4+ 18. Nge2 Bxf4 19. Bxf4 Bd3 20. Rc1
Bxe2+ 21. Qxe2 Rxe2 22. Rxc4+ 1-0

[Event "Titled Tue 17th Jun Early"]
[Site "chess.com INT"]
[Date "2025.06.17"]
[Round "3"]
[White "Yanev, Tihomir"]
[Black "Dahal, Sushrut"]
[Result "1-0"]
[WhiteTitle "IM"]
[BlackTitle "CM"]
[WhiteElo "2354"]
[BlackElo "2041"]
[WhiteFideId "2910110"]
[BlackFideId "12303275"]
[EventDate "2025.06.17"]

1. e4 c5 2. Nf3 e6 3. c3 Nf6 4. e5 Nd5 5. d4 cxd4 6. cxd4 b6 7. Bd3 Bb7 8. O-O
d6 9. Qe2 Be7 10. Rd1 Nd7 11. Nc3 Nxc3 12. bxc3 Qc7 13. exd6 Bxd6 14. Bb2 O-O
15. h3 Rfe8 16. c4 Rac8 17. Ne5 Bxe5 18. dxe5 Qc6 19. Qg4 Nc5 20. Be2 Rcd8 21.
Rd6 Qe4 22. Rad1 Qxg4 23. hxg4 Rc8 24. f3 h6 25. Bd4 Ba6 26. Kf2 Rc7 27. a4 Kf8
28. a5 Rb7 29. axb6 axb6 30. Rxb6 1-0

[Event "Titled Tue 17th Jun Early"]
[Site "chess.com INT"]
[Date "2025.06.17"]
[Round "3"]
[White "Kosakowski, Jakub"]
[Black "Pham, Le Thao Nguyen"]
[Result "1-0"]
[WhiteTitle "GM"]
[BlackTitle "IM"]
[WhiteElo "2548"]
[BlackElo "2357"]
[WhiteFideId "1185080"]
[BlackFideId "12401226"]
[EventDate "2025.06.17"]

1. e4 c6 2. d4 d5 3. e5 Bf5 4. Ne2 e6 5. Ng3 Bg6 6. h4 h5 7. c4 Ne7 8. Nc3 Nf5
9. Nxf5 Bxf5 10. Be2 Bg6 11. Bd3 Bxd3 12. Qxd3 Nd7 13. cxd5 cxd5 14. Bg5 Qb6 15.
O-O Qa6 16. Nb5 Rc8 17. Rac1 Rc6 18. Rxc6 Qxc6 19. Rc1 f6 20. Rxc6 bxc6 21. exf6
gxf6 22. Nc7+ Ke7 23. Bd2 Kd6 24. Na6 e5 25. Bb4+ Ke6 26. Nc7+ Kf7 27. Qf5 1-0

[Event "Titled Tue 17th Jun Early"]
[Site "chess.com INT"]
[Date "2025.06.17"]
[Round "3"]
[White "Chylewski, Patryk"]
[Black "Perry, Patrick"]
[Result "1-0"]
[WhiteTitle "IM"]
[WhiteElo "2313"]
[BlackElo "2296"]
[WhiteFideId "1186191"]
[BlackFideId "30917727"]
[EventDate "2025.06.17"]

1. d4 Nf6 2. c4 c5 3. d5 e6 4. Nc3 exd5 5. cxd5 d6 6. Nf3 Nbd7 7. Bf4 Be7 8. h3
O-O 9. e3 a6 10. a4 Re8 11. Be2 Nf8 12. O-O Ng6 13. Bh2 Bd7 14. Nd2 Rb8 15. Nc4
Bc8 16. a5 Bf8 17. Qd2 Ne4 18. Nxe4 Rxe4 19. Rfd1 Qc7 20. Rac1 Bd7 21. Nb6 Rb4
22. Qxb4 1-0

[Event "Titled Tue 17th Jun Early"]
[Site "chess.com INT"]
[Date "2025.06.17"]
[Round "3"]
[White "Herrera Ortiz, Miguel"]
[Black "Wyss, Jonas"]
[Result "1-0"]
[WhiteTitle "IM"]
[BlackTitle "FM"]
[WhiteElo "2174"]
[BlackElo "2278"]
[WhiteFideId "5100550"]
[BlackFideId "1311387"]
[EventDate "2025.06.17"]

1. e4 c6 2. d4 d5 3. exd5 cxd5 4. c4 Nf6 5. Nc3 Nc6 6. cxd5 Nxd5 7. Bc4 Be6 8.
Bb3 Na5 9. Ba4+ Nc6 10. Nf3 Nxc3 11. bxc3 Bc4 12. Ne5 Bd5 13. c4 Bxg2 14. Rg1
Be4 15. d5 e6 16. Nxc6 bxc6 17. Bxc6+ Ke7 18. d6+ Kf6 19. Bg5+ Ke5 20. Bxd8 Bxd6
21. f4+ Kxf4 22. Qxd6+ Ke3 23. Rg3+ Bf3 24. Bg5# 1-0

[Event "Titled Tue 17th Jun Early"]
[Site "chess.com INT"]
[Date "2025.06.17"]
[Round "3"]
[White "Burmakin, Evgeniy"]
[Black "Osiecki, Stanislaw"]
[Result "1-0"]
[WhiteTitle "FM"]
[BlackTitle "FM"]
[WhiteElo "2110"]
[BlackElo "1944"]
[WhiteFideId "4163729"]
[BlackFideId "1102990"]
[EventDate "2025.06.17"]

1. e4 e6 2. d4 d5 3. Nc3 Bb4 4. e5 c5 5. a3 Bxc3+ 6. bxc3 Qc7 7. Qg4 f5 8. Qg3
cxd4 9. cxd4 Ne7 10. Bd2 O-O 11. Bd3 b6 12. Ne2 Ba6 13. Nf4 Qd7 14. h4 Bxd3 15.
Nxd3 Nbc6 16. c3 Na5 17. h5 Nb3 18. Bh6 Rf7 19. Rb1 Qa4 20. Nf4 Kh8 21. Bg5 Qxa3
22. Bxe7 Rxe7 23. Ng6+ hxg6 24. hxg6+ Kg8 25. Rh8+ 1-0

[Event "Titled Tue 17th Jun Early"]
[Site "chess.com INT"]
[Date "2025.06.17"]
[Round "3"]
[White "Aarav Sinha"]
[Black "Odegov, Artem"]
[Result "0-1"]
[WhiteTitle "FM"]
[BlackTitle "FM"]
[WhiteElo "2255"]
[BlackElo "2244"]
[WhiteFideId "25674064"]
[BlackFideId "34183644"]
[EventDate "2025.06.17"]

1. e4 e5 2. Nf3 Nf6 3. Nc3 Bb4 4. Nxe5 O-O 5. Nd3 Bxc3 6. dxc3 Nxe4 7. Be2 Re8
8. O-O h6 9. a4 a5 10. Re1 Nc6 11. Bf3 d5 12. Nf4 Ne5 13. Bxe4 dxe4 14. Qxd8
Rxd8 15. Be3 g5 16. Ne2 f5 17. Rad1 Be6 18. Nd4 Kf7 19. Nb5 Rxd1 20. Rxd1 Rc8
21. b3 f4 22. Bc1 Nc6 23. h3 Kg6 24. Bb2 g4 25. hxg4 Bxg4 26. Rd5 e3 27. fxe3
fxe3 28. Rd3 e2 29. Re3 Rf8 0-1

[Event "Titled Tue 17th Jun Early"]
[Site "chess.com INT"]
[Date "2025.06.17"]
[Round "3"]
[White "Kurchenko, Egor"]
[Black "Bharath, Subramaniyam H"]
[Result "0-1"]
[WhiteTitle "FM"]
[BlackTitle "GM"]
[WhiteElo "2130"]
[BlackElo "2558"]
[WhiteFideId "54157749"]
[BlackFideId "46634827"]
[EventDate "2025.06.17"]

1. e4 c5 2. Na3 Nc6 3. Bb5 Nd4 4. Be2 g6 5. c3 Nxe2 6. Qxe2 Bg7 7. f4 d6 8. Nf3
Nf6 9. d3 O-O 10. O-O Rb8 11. Nc2 b5 12. Kh1 a5 13. Be3 b4 14. Rab1 Ba6 15. c4
a4 16. Nce1 Nd7 17. g4 e6 18. g5 d5 19. e5 b3 20. a3 dxc4 21. dxc4 Nb6 22. Nd2
Nxc4 23. Nxc4 Qd5+ 24. Qf3 Qxc4 25. Ng2 Bb7 26. Qf2 Rfd8 27. Rbc1 Qe4 28. Rxc5
Bf8 29. Rc3 Rbc8 30. Rxc8 Rxc8 31. Rd1 Rc2 32. Rd2 Rc1+ 0-1

[Event "Titled Tue 17th Jun Early"]
[Site "chess.com INT"]
[Date "2025.06.17"]
[Round "3"]
[White "Baturin-Vinogradov, Miroslav"]
[Black "Cordeiro, Marco Aurelio Zaror"]
[Result "1-0"]
[WhiteTitle "CM"]
[WhiteElo "2046"]
[BlackElo "2056"]
[WhiteFideId "55745741"]
[BlackFideId "2117991"]
[EventDate "2025.06.17"]

1. e4 Nf6 2. e5 Nd5 3. Nc3 Nxc3 4. dxc3 d5 5. Nf3 Bg4 6. Bd3 e6 7. Bf4 Be7 8. h3
Bh5 9. O-O c5 10. c4 Nc6 11. cxd5 Qxd5 12. g4 Bg6 13. Bxg6 hxg6 14. Qxd5 exd5
15. Kg2 g5 16. Bxg5 Bxg5 17. Nxg5 O-O 18. f4 Rfe8 19. Rad1 Rad8 20. Rfe1 a6 21.
c3 b5 22. e6 f6 23. Nf7 Ne7 24. Nxd8 Rxd8 25. Kg3 g6 26. a4 d4 27. axb5 axb5 28.
cxd4 cxd4 29. Rd2 Kf8 30. Rc1 d3 31. Rc3 1-0

[Event "Titled Tue 17th Jun Early"]
[Site "chess.com INT"]
[Date "2025.06.17"]
[Round "3"]
[White "Caprio, Guido"]
[Black "Ezat, Mohamed"]
[Result "1-0"]
[WhiteTitle "IM"]
[BlackTitle "IM"]
[WhiteElo "2435"]
[BlackElo "2299"]
[WhiteFideId "834580"]
[BlackFideId "10600906"]
[EventDate "2025.06.17"]

1. d4 Nf6 2. Nf3 g6 3. c4 Bg7 4. Nc3 O-O 5. e4 d6 6. Be2 e5 7. O-O Nc6 8. d5 Ne7
9. Kh1 Nh5 10. g3 Bh3 11. Rg1 h6 12. g4 Nf4 13. Rg3 f5 14. gxf5 Bg2+ 15. Rxg2
Nxg2 16. Kxg2 gxf5 17. Kh1 Ng6 18. exf5 Nh4 19. Bd3 Nxf5 20. Qg1 Kh8 21. Qg4 Qc8
22. Nh4 Ne7 23. Qe4 Kg8 24. Bxh6 Rf7 25. Rg1 Kf8 26. Rxg7 Rxg7 27. Bxg7+ Kxg7
28. Qh7+ Kf6 29. Ne4# 1-0

[Event "Titled Tue 17th Jun Early"]
[Site "chess.com INT"]
[Date "2025.06.17"]
[Round "3"]
[White "Chassard, Cedric"]
[Black "Jammalamadaka, Vihaan"]
[Result "0-1"]
[WhiteTitle "FM"]
[BlackTitle "CM"]
[WhiteElo "2250"]
[BlackElo "2018"]
[WhiteFideId "16243536"]
[BlackFideId "30977134"]
[EventDate "2025.06.17"]

1. e4 d5 2. exd5 Qxd5 3. Nc3 Qa5 4. d4 Nf6 5. Bd2 c6 6. Bc4 Bg4 7. Nf3 Qd8 8. h3
Bxf3 9. Qxf3 Qxd4 10. Qe2 Nbd7 11. O-O-O Qe5 12. Be3 e6 13. Rhe1 Bb4 14. Qd3
Bxc3 15. bxc3 Qa5 16. Qd6 O-O-O 17. Bf4 e5 18. Bxe5 Nxe5 19. Qxe5 Rxd1+ 20. Kxd1
Rd8+ 21. Kc1 Qa3+ 22. Kb1 Nd5 23. Qf5+ Kc7 24. Bxd5 Rxd5 25. Qxf7+ Kb6 26. c4
Qb4+ 27. Ka1 Qxe1+ 28. Kb2 Qb4+ 29. Kc1 Qa3+ 30. Kb1 Rd1# 0-1

[Event "Titled Tue 17th Jun Early"]
[Site "chess.com INT"]
[Date "2025.06.17"]
[Round "3"]
[White "Ismagilov, Damir"]
[Black "Ter-Sahakyan, Samvel"]
[Result "0-1"]
[WhiteTitle "CM"]
[BlackTitle "GM"]
[WhiteElo "2173"]
[BlackElo "2611"]
[WhiteFideId "34199982"]
[BlackFideId "13302531"]
[EventDate "2025.06.17"]

1. d4 Nf6 2. c4 e6 3. Nc3 Bb4 4. e3 O-O 5. Bd3 d5 6. cxd5 exd5 7. a3 Bd6 8. Qc2
c6 9. Nge2 Re8 10. Bd2 Nbd7 11. f3 c5 12. h4 cxd4 13. exd4 Bg3+ 14. Kd1 Bd6 15.
g4 Nf8 16. h5 Be6 17. g5 N6d7 18. Nf4 Bxf4 19. Bxf4 Rc8 20. Qh2 Qb6 21. Kc2 Qxd4
22. Rad1 Qb6 23. g6 d4 24. gxh7+ Nxh7 25. h6 g6 26. Bxg6 fxg6 0-1